NBA MVPs By Year - Statistics

General Stats
  • This quiz has been taken 137 times
  • The average score is 51 of 68
Answer Stats
Hint Answer % Correct
2020 Giannis Antetokounmpo
100%
2022 Nikola Jokic
100%
2021 Nikola Jokic
100%
2019 Giannis Antetokounmpo
99%
2023 Joel Embiid
99%
2018 James Harden
94%
2014 Kevin Durant
94%
2013 LeBron James
94%
2012 LeBron James
94%
2017 Russell Westbrook
93%
2016 Stephen Curry
93%
2015 Stephen Curry
93%
2011 Derrick Rose
90%
2008 Kobe Bryant
90%
2010 LeBron James
89%
2009 LeBron James
89%
2006 Steve Nash
87%
2005 Steve Nash
87%
1998 Michael Jordan
86%
2007 Dirk Nowitzki
84%
1996 Michael Jordan
84%
2000 Shaquille O'Neal
84%
2001 Allen Iverson
83%
1986 Larry Bird
81%
1985 Larry Bird
81%
1989 Magic Johnson
81%
1992 Michael Jordan
81%
1991 Michael Jordan
81%
1994 Hakeem Olajuwon
80%
1999 Karl Malone
80%
2004 Kevin Garnett
80%
1984 Larry Bird
80%
1990 Magic Johnson
80%
2003 Tim Duncan
80%
2002 Tim Duncan
80%
1997 Karl Malone
79%
1987 Magic Johnson
77%
1993 Charles Barkley
76%
1995 David Robinson
71%
1988 Michael Jordan
71%
1980 Kareem Abdul-Jabbar
69%
1977 Kareem Abdul-Jabbar
69%
1976 Kareem Abdul-Jabbar
69%
1974 Kareem Abdul-Jabbar
67%
1972 Kareem Abdul-Jabbar
66%
1963 Bill Russell
64%
1961 Bill Russell
64%
1983 Moses Malone
64%
1962 Bill Russell
63%
1968 Wilt Chamberlain
63%
1967 Wilt Chamberlain
63%
1966 Wilt Chamberlain
63%
1965 Bill Russell
61%
1956 Bob Pettit
61%
1971 Kareem Abdul-Jabbar
60%
1982 Moses Malone
59%
1958 Bill Russell
57%
1957 Bob Cousy
57%
1960 Wilt Chamberlain
57%
1981 Julius Erving
54%
1959 Bob Pettit
53%
1978 Bill Walton
50%
1975 Bob Mcadoo
50%
1979 Moses Malone
50%
1964 Oscar Robertson
49%
1969 Wes Unseld
46%
1973 Dave Cowens
43%
1970 Willis Reed
43%
No matching quizzes found
Score Distribution
Percent of People with Each Score
Percentile by Number Answered
Your Score History
You have not taken this quiz